Spectral analysis and its applications (Record no. 4307)

MARC details
000 -LEADER
fixed length control field 00610nam a2200193Ia 4500
003 - CONTROL NUMBER IDENTIFIER
control field IN-BaIIA
008 - FIXED-LENGTH DATA ELEMENTS--GENERAL INFORMATION
fixed length control field 211028s9999 xx 000 0 eng d
040 ## - CATALOGING SOURCE
Transcribing agency IIA Library
080 ## - UNIVERSAL DECIMAL CLASSIFICATION NUMBER
Universal Decimal Classification number 535.853
Item number JEN
100 ## - MAIN ENTRY--PERSONAL NAME
Personal name Jenkins, Gwilym M
9 (RLIN) 7568
245 #0 - TITLE STATEMENT
Title Spectral analysis and its applications
Statement of responsibility, etc. Gwilym M. Jenkins and Donald. G. Watts
260 ## - PUBLICATION, DISTRIBUTION, ETC.
Place of publication, distribution, etc. San Francisco
Name of publisher, distributor, etc. Holden-Day
Date of publication, distribution, etc. 1968
300 ## - PHYSICAL DESCRIPTION
Extent xviii, 525p.
490 ## - SERIES STATEMENT
Series statement Holden-Day series in time series analysis
650 ## - SUBJECT ADDED ENTRY--TOPICAL TERM
Topical term or geographic name entry element Astronomy and astrophysics thesaurus
650 ## - SUBJECT ADDED ENTRY--TOPICAL TERM
Topical term or geographic name entry element Spectroscopic analysis
9 (RLIN) 1737
700 ## - ADDED ENTRY--PERSONAL NAME
Personal name Watts, Donald G.
9 (RLIN) 7569
942 ## - ADDED ENTRY ELEMENTS (KOHA)
Koha item type Books
Holdings
Withdrawn status Lost status Damaged status Not for loan Home library Current library Shelving location Date acquired Cost, normal purchase price Total Checkouts Full call number Barcode Date last seen Cost, replacement price Price effective from Koha item type Purchase Price
        IIA Library-Bangalore IIA Library-Bangalore General Stacks 25/09/1973 177.00   535.853/ JEN 4806 05/11/2021 177.00 25/09/1973 Books Rs. 177.00

Powered by Koha